000 01081cab a2200241 4500
001 ABS37156
008 090401t1986 xxu||||| |||| 00| 0 eng d
035 _a(Sirsi) u2573
041 _aeng
245 _aComputers
260 _c1986
350 _a0
490 _aBuilding
_vSupplement 251(7474) 5 December 1986 1-34(23) LOAN
520 _aConsiders implications for the construction industry of developments in computing technology,in particular expert or knowledge-based systems . Reviews the development of expert system shells and their prospects and systems in use today; a member of Wimpey describes how they have received the development of knowledge-based systems; Alex Trimmer,Secretary of the RICS QS Division describes the ideas behind the RICS/ Alvey project ,which aims to encourage practical applications.
650 _aCOMPUTER AIDED DESIGN
650 _aCOMPUTERS
650 _aESTIMATING
650 _aBUILT ENVIRONMENT-QUANTITY SURVEYING
650 _aRESEARCH
690 _aBUILDING AND CONSTRUCTION-COMPUTERS
942 _n0
948 _c04/03/1997
999 _c1550
_d1550